000 00543nam a22001937a 4500
003 LK-CoDNM
005 20241219140540.0
008 241219b |||||||| |||| 00| 0 eng d
040 _aLK-CoDNM
_dLK-CoDNM
_eLK-CoDNM
041 _aeng
080 _a2
_bH21
245 _aGuide To The Mollusca
250 _aExhibitedin the zoological department , british museum ( Natural History )
260 _aLondon
_bPrinted by order of the trustees
_c1923
300 _a55p. : ill , 21 cm
650 _aScience
650 _a1923
942 _cBK
999 _c233689
_d233689